[Event "EU-ch Hybrid U18 Girls"]
[Site "Tornelo INT"]
[Date "2021.10.15"]
[Round "5"]
[White "Bilic, Marijana"]
[Black "Galvan Cipriani, Viviana"]
[Result "1/2-1/2"]
[WhiteElo "1841"]
[BlackElo "2044"]
[PlyCount "110"]
[EventDate "2021.10.15"]
[EventType "swiss"]
[EventRounds "9"]
[EventCountry "NET"]
[SourceTitle "EXT 2023"]
[Source "ChessBase"]
[SourceDate "2022.10.05"]
[SourceVersion "1"]
[SourceVersionDate "2022.10.05"]
[SourceQuality "1"]
[WhiteTeam "Serbia"]
[BlackTeam "Spain"]
[WhiteTeamCountry "SRB"]
[BlackTeamCountry "ESP"]

1. e4 c5 2. Nf3 Nc6 3. d4 cxd4 4. Nxd4 Nf6 5. Nc3 e5 6. Ndb5 d6 7. Nd5 Nxd5 8. exd5 Nb8 9. Qf3 a6 10. Qa3 Be7 11. Bg5 f6 12. Be3 0-0 13. 0-0-0 b6 14. Kb1 Bb7 15. Nc3 Nd7 16. f4 f5 17. Qb3 Bf6 18. Be2 Qc7 19. g4 exf4 20. Bd4 Bxd4 21. Rxd4 fxg4 22. Bxg4 Nc5 23. Qc4 b5 24. Qf1 g6 25. Rxf4 b4 26. Ne2 Bxd5 27. Rg1 Qa5 28. Nc1 Ne4 29. Rxf8+ Rxf8 30. Qh3 Nf2 31. Be6+ Kg7 32. Qe3 Be4 33. Qa7+ Kh6 34. Qe3+ Kg7 35. Qa7+ Kh8 36. Rf1 Qc5 37. Qxc5 dxc5 38. Bc4 Bg2 39. Rg1 Bb7 40. Rf1 Kg7 41. Re1 Ne4 42. Nb3 h5 43. Kc1 Rf2 44. Bd3 c4 45. Bxc4 Kh6 46. Bd3 Ng5 47. Nc5 Bc8 48. Re8 Bf5 49. Bxf5 Rxf5 50. Nxa6 Rf1+ 51. Kd2 Nf3+ 52. Kd3 Rb1 53. b3 Ne1+ 54. Kd2 Nf3+ 55. Kd3 Ne1+ 1/2-1/2

[Event "EU-ch Hybrid U18 Girls"]
[Site "Tornelo INT"]
[Date "2021.10.15"]
[Round "2"]
[White "Bilic, Marijana"]
[Black "Hajiyeva, Laman"]
[Result "1/2-1/2"]
[WhiteElo "1841"]
[BlackElo "1974"]
[PlyCount "81"]
[EventDate "2021.10.15"]
[EventType "swiss"]
[EventRounds "9"]
[EventCountry "NET"]
[SourceTitle "EXT 2023"]
[Source "ChessBase"]
[SourceDate "2022.10.05"]
[SourceVersion "1"]
[SourceVersionDate "2022.10.05"]
[SourceQuality "1"]
[WhiteTeam "Serbia"]
[BlackTeam "Azerbaijan"]
[WhiteTeamCountry "SRB"]
[BlackTeamCountry "AZE"]

1. e4 c6 2. d4 d5 3. Nc3 dxe4 4. Nxe4 Nf6 5. Nxf6+ exf6 6. c3 Bd6 7. Bd3 0-0 8. Qc2 Re8+ 9. Ne2 h6 10. 0-0 Qc7 11. h3 Nd7 12. c4 b6 13. Be3 Nf8 14. Rfe1 Bd7 15. Rad1 Qc8 16. Nf4 Kh8 17. a3 f5 18. Nh5 Nh7 19. Qc3 f6 20. d5 Be5 21. Bd4 Bxd4 22. Qxd4 cxd5 23. Nf4 Ng5 24. Nxd5 Ne6 25. Qh4 Ng5 26. Rxe8+ Bxe8 27. Ne7 Qe6 28. Nxf5 Bf7 29. Qg3 Bh5 30. Rf1 Qd7 31. h4 Ne6 32. Be4 Rd8 33. Bd5 Nc7 34. Ne3 b5 35. Re1 bxc4 36. Bxc4 Nb5 37. Nd5 Nd6 38. Re7 Qg4 39. Qxg4 Bxg4 40. Ba2 a6 41. Nf4 1/2-1/2

[Event "SRB-ch U14 Girls"]
[Site "Novi Sad"]
[Date "2018.04.06"]
[Round "6"]
[White "Bilic, Marijana"]
[Black "Micin, Mia"]
[Result "1-0"]
[WhiteElo "1804"]
[BlackElo "1581"]
[PlyCount "133"]
[EventDate "2018.04.02"]
[EventType "swiss"]
[EventRounds "9"]
[EventCountry "SRB"]
[SourceTitle "EXT 2019"]
[Source "ChessBase"]
[SourceDate "2018.10.10"]
[SourceVersion "1"]
[SourceVersionDate "2018.10.10"]
[SourceQuality "1"]

1. e4 c5 2. Nf3 Nc6 3. d4 cxd4 4. Nxd4 e5 5. Nb5 a6 6. Nd6+ Bxd6 7. Qxd6 Qe7 8. Qxe7+ Ngxe7 9. Nc3 0-0 10. a3 b5 11. Be3 d6 12. 0-0-0 Rd8 13. g3 Be6 14. Bg2 Rd7 15. Rhe1 Na5 16. h3 Nc4 17. f4 Rc8 18. f5 Bxf5 19. exf5 Nxf5 20. Nd5 Rb7 21. Nf6+ gxf6 22. Bxb7 Rc7 23. Be4 Ncxe3 24. Bxf5 Nxd1 25. Rxd1 Rc6 26. Rd3 h6 27. Rf3 d5 28. Rd3 d4 29. Be4 Rc7 30. Kd2 a5 31. c3 dxc3+ 32. Rxc3 Rd7+ 33. Ke3 Rd4 34. Rc5 b4 35. Rxa5 bxa3 36. bxa3 Rd1 37. Ra8+ Kg7 38. Bf3 Ra1 39. Ra7 Kg6 40. Bd5 Kg5 41. Bxf7 f5 42. Ra6 f4+ 43. gxf4+ exf4+ 44. Kf3 Kf5 45. Ra5+ Kf6 46. Bh5 Rh1 47. Bg4 Rf1+ 48. Ke4 Kg6 49. Bf3 Ra1 50. Kxf4 Ra2 51. Ra6+ Kh7 52. a4 Ra3 53. a5 h5 54. Ra8 Kg7 55. a6 Kf7 56. a7 Kg7 57. Kg5 Rxf3 58. Rg8+ Kxg8 59. a8Q+ Rf8 60. Qd5+ Kg7 61. Kxh5 Rh8+ 62. Kg4 Rg8 63. h4 Kh7+ 64. Kh5 Kg7 65. Qe6 Kf8 66. Qf6+ Ke8 67. Kh6 1-0

[Event "Budapest Gyorgy Memorial 2nd"]
[Site "Budapest"]
[Date "2017.10.12"]
[Round "1.3"]
[White "Janik, Marek Tobias"]
[Black "Bilic, Marijana"]
[Result "0-1"]
[WhiteElo "1455"]
[BlackElo "1619"]
[PlyCount "46"]
[EventDate "2017.10.12"]
[EventType "swiss"]
[EventRounds "7"]
[EventCountry "HUN"]
[SourceTitle "EXT 2019"]
[Source "ChessBase"]
[SourceDate "2018.10.10"]
[SourceVersion "1"]
[SourceVersionDate "2018.10.10"]
[SourceQuality "1"]

1. e4 c5 2. Nf3 e6 3. d4 cxd4 4. Nxd4 a6 5. Nc3 Ne7 6. Be3 Nbc6 7. Be2 Nxd4 8. Bxd4 Nc6 9. Be3 Be7 10. 0-0 0-0 11. f4 b5 12. Qd2 Qc7 13. Rad1 Rd8 14. Bf3 Rb8 15. e5 d6 16. exd6 Bxd6 17. Kh1 Na5 18. b3 Bb7 19. Bxb7 Nxb7 20. Qf2 Qxc3 21. Bd4 Bc5 22. Bxc5 Qxc5 23. Qxc5 Nxc5 0-1

[Event "SRB-ch U14 Girls"]
[Site "Kragujevac"]
[Date "2017.04.17"]
[Round "9"]
[White "Djordjevic, Nevena"]
[Black "Bilic, Marijana"]
[Result "1-0"]
[WhiteElo "1509"]
[BlackElo "1673"]
[PlyCount "61"]
[EventDate "2017.04.11"]
[EventType "swiss"]
[EventRounds "9"]
[EventCountry "SRB"]
[SourceTitle "EXT 2019"]
[Source "ChessBase"]
[SourceDate "2018.10.10"]
[SourceVersion "1"]
[SourceVersionDate "2018.10.10"]
[SourceQuality "1"]

1. d4 Nf6 2. c4 e6 3. Nc3 Bb4 4. Bg5 h6 5. Bh4 g5 6. Bg3 d6 7. e3 Ne4 8. Qc2 Nxg3 9. hxg3 Nd7 10. Bd3 b6 11. Nge2 Bb7 12. 0-0 Bxc3 13. Nxc3 a6 14. Qe2 h5 15. f4 g4 16. e4 e5 17. fxe5 dxe5 18. Qf2 Qe7 19. Nd5 Bxd5 20. exd5 f6 21. Bg6+ Kd8 22. Rae1 Rh6 23. Bf5 Rh8 24. Bxd7 Kxd7 25. Qf5+ Kd8 26. dxe5 Qc5+ 27. Kh1 Rh6 28. exf6 h4 29. Qg5 Rh8 30. f7+ Kc8 31. Re8+ 1-0

[Event "Senta-ch"]
[Site "Senta"]
[Date "2017.01.21"]
[Round "2"]
[White "Soklovacki, Marija"]
[Black "Bilic, Marijana"]
[Result "0-1"]
[WhiteElo "1822"]
[BlackElo "1548"]
[PlyCount "84"]
[EventDate "2017.01.20"]
[EventType "swiss"]
[EventRounds "9"]
[EventCountry "SRB"]
[SourceTitle "EXT 2018"]
[Source "ChessBase"]
[SourceDate "2017.10.13"]
[SourceVersion "1"]
[SourceVersionDate "2017.10.13"]
[SourceQuality "1"]

1. d4 Nf6 2. Nf3 e6 3. c4 Bb4+ 4. Bd2 Qe7 5. Nc3 0-0 6. a3 Bxc3 7. Bxc3 d6 8. e3 b6 9. Be2 Bb7 10. 0-0 Nbd7 11. Nd2 Ne4 12. Nxe4 Bxe4 13. Bf3 Nf6 14. Bxe4 Nxe4 15. f3 Nf6 16. Qc2 Rfe8 17. b3 d5 18. Bb2 c5 19. Rac1 Rac8 20. Qe2 Red8 21. Rfd1 h6 22. g3 Rd7 23. Rd2 Rdd8 24. Rdd1 Qb7 25. Kf2 Nh7 26. h4 Qb8 27. Kg2 Nf6 28. Qf2 cxd4 29. Rxd4 Qb7 30. Rf4 Nd7 31. Rg4 e5 32. h5 dxc4 33. Rcxc4 Rxc4 34. Rxc4 Nc5 35. Qc2 Qa6 36. a4 f6 37. Kh3 Qb7 38. e4 Qd7+ 39. g4 Ne6 40. Rc6 Kh7 41. Qc4 Ng5+ 42. Kg3 Qd1 0-1

[Event "Budapest Gyorgy Memorial 1st"]
[Site "Budapest"]
[Date "2016.11.12"]
[Round "5.2"]
[White "Ciocan, Ariana Roxana"]
[Black "Bilic, Marijana"]
[Result "1/2-1/2"]
[WhiteElo "1365"]
[BlackElo "1580"]
[PlyCount "89"]
[EventDate "2016.11.10"]
[EventType "swiss"]
[EventRounds "7"]
[EventCountry "HUN"]
[SourceTitle "EXT 2018"]
[Source "ChessBase"]
[SourceDate "2017.10.13"]
[SourceVersion "1"]
[SourceVersionDate "2017.10.13"]
[SourceQuality "1"]

1. e4 c5 2. Nf3 e6 3. d4 cxd4 4. Nxd4 a6 5. Nc3 Ne7 6. Be3 Nbc6 7. Qd2 Nxd4 8. Bxd4 Nc6 9. Be3 Be7 10. 0-0-0 b5 11. a3 0-0 12. g3 Rb8 13. Na2 b4 14. axb4 Nxb4 15. Nxb4 Rxb4 16. Kb1 Rxe4 17. Bd3 Rb4 18. Bg5 a5 19. h4 a4 20. Qxb4 Bxb4 21. Bxd8 Rxd8 22. Ka2 Bb7 23. Rhg1 Bc5 24. Rd2 Bc6 25. c3 e5 26. Re1 d6 27. Be4 Bd7 28. Bd5 Kf8 29. b4 axb3+ 30. Bxb3 Rb8 31. Rf1 Ra8+ 32. Kb1 Bf5+ 33. Bc2 Rb8+ 34. Kc1 Ba3+ 35. Kd1 Bxc2+ 36. Rxc2 Rb1+ 37. Ke2 Rxf1 38. Kxf1 Ke7 39. Ke2 f5 40. Kf3 h5 41. Re2 Kf6 42. c4 g6 43. Ke3 Bc5+ 44. Kf3 Bd4 45. Re1 1/2-1/2